niemiecki perfekt #1 - Statystyki

Ogólne statystyki
  • Ten quiz został rozwiązany 9 razy
  • Średni wynik to 10 z 25
Statystyki odpowiedzi
Po polsku Perfekt po Niemiecku % Poprawnych
piec backen hat gebacken
80%
zaczynać (się) beginnen hat begonnen
60%
mieć haben hat gehabt
60%
oferować bieten hat geboten
40%
prosić bitten hat gebetten
40%
zostawać bleiben ist geblieben
40%
przynosić bringen hat gebracht
40%
myśleć denken hat gedacht
40%
jeść essen hat gegessen
40%
jechać fahren ist gefahren
40%
spadać fallen ist gefallen
40%
znajdować finden hat gefunden
40%
latać fliegen ist geflogen
40%
dawać geben hat gegeben
40%
iść gehen ist gegangen
40%
trzymać halten hat gehalten
40%
wisieć hangen hat gehangen
40%
nazywać się heissen hat geheissen
40%
pomagać helfen hat geholfen
40%
przychodzić kommen ist gekommen
40%
biegać laufen ist gelaufen
40%
łamać brechen hat gebrochen
20%
wygrywać gewinnen hat gewonnen
20%
znać kennen hat gekannt
20%
pozwalać, kazać lassen hat gelassen
20%
Nie znaleziono quizów pasujących do podanych kryteriów
Rozkład punktacji
Procent ludzi z każdym wynikiem
Percentyl według liczby udzielonych odpowiedzi
Twoja historia wyników
Nie rozwiązałeś tego quizu